00990nam a22002651 450000100060000000300080000600500170001400800390003103500190007004000320008904100080012108200250012924501110015426000530026530000330031850400310035150400200038265000410040265000450044370000340048871000310052294200120055399900170056595201420058234516BD-RjUL20211209052154.0140517s1967 nyub b 001 0 eng a(BD-RjUL)34610 aDLCcDLCdDLCdBD-RjULbeng aeng00a301.364098bURB 196704aThe Urban explosion in Latin America :ba continent in process of modernization /cGlenn H. Beyer, editor. aIthaca, N.Y. :bCornell University Press,c1967. axx, 360 p. :bill. ;c24 cm. aBibliographical footnotes. aIncludes index. 0aUrbanizationzLatin America.9104675 0aCities and townszLatin America.91049901 aBeyer, Glenn H.,eed.91049912 aCornell University.941905 2ddccBK c34516d34516 00102ddc40718NFICaRUCLbRUCLcReadingd1971-02-13eZitlingerg0.00l0o301.364098 URB 1967r2014-05-17 00:00:00tC-1w2014-05-17yBK